[Event "GRE-chT 40th"]
[Site "Achaia"]
[Date "2012.07.01"]
[Round "3.10"]
[White "Lemani, Eirini"]
[Black "Rogule, Laura"]
[Result "0-1"]
[WhiteElo "1240"]
[BlackElo "2317"]
[PlyCount "58"]
[EventDate "2012.06.30"]
[EventType "team-swiss"]
[EventRounds "7"]
[EventCountry "GRE"]
[SourceTitle "CBM 149 Extra"]
[Source "ChessBase"]
[SourceDate "2012.08.24"]
[SourceVersion "1"]
[SourceVersionDate "2012.08.24"]
[SourceQuality "1"]
[WhiteTeam "AEK"]
[BlackTeam "Triandrias"]
[WhiteTeamCountry "GRE"]
[BlackTeamCountry "GRE"]

1. d4 d5 2. Nf3 Nf6 3. Bf4 Bf5 4. e3 e6 5. Bd3 Ne4 6. 0-0 Bd6 7. Nbd2 0-0 8. c3 Nxc3 9. bxc3 Bxd3 10. Re1 Nd7 11. Ne5 Nxe5 12. dxe5 Be7 13. Nf3 Bg6 14. Nd4 a6 15. Nc2 c5 16. a3 b5 17. a4 Qc7 18. axb5 axb5 19. Na3 Ra5 20. e4 Bxe4 21. Qd2 Bg6 22. h3 Rb8 23. c4 bxc4 24. Qc1 Qa7 25. Bd2 Ra4 26. Nc2 Bxc2 27. Qxc2 Rxa1 28. Rxa1 Qxa1+ 29. Bc1 Rb1 0-1